Szwecja - prawda czy fałsz? - Statystyki

Ogólne statystyki
  • Ten quiz został rozwiązany 5 612 razy
    5 454 od ostatniego zresetowania
  • Średni wynik to 10 z 15
Statystyki odpowiedzi
Zagadnienie Odpowiedź % Poprawnych
Szwecja jest uważana za część Skandynawii. Prawda
99%
Szwecja jest członkiem NATO. Prawda
90%
Flaga Szwecji jest tylko niebiesko-żółta. Prawda
89%
ABBA nagrała przebój "Waterloo". Prawda
77%
Dania i Szwecja są połączone mostem. Prawda
76%
W czasie II wojny światowej Szwecja była oficjalnie neutralna. Prawda
75%
10 najczęstszych nazwisk rodzinnych w Szwecji kończy się na "-son" Prawda
75%
"Högertrafikomläggningen" to dzień w 1967 roku, w którym Szwecja przeszła z jazdy po lewej stronie na jazdę po prawej. Prawda
73%
Szwedzki i fiński to bardzo podobne języki. Fałsz
68%
Ponad 95% mieszkańców Szwecji urodziło się w Szwecji. Fałsz
63%
Każda kategoria Nagrody Nobla jest przyznawana w Sztokholmie. Fałsz
57%
Ingmar Bergman był ojcem Ingrid Bergman. Fałsz
53%
Szwecja nigdy nie miała żadnych kolonii poza Europą. Fałsz
52%
Sztokholm jest zbudowany na wyspach. Prawda
45%
Szwecja była gospodarzem zarówno Letnich Igrzysk Olimpijskich jak i Mistrzostw Świata FIFA. Prawda
37%
Nie znaleziono quizów pasujących do podanych kryteriów
Rozkład punktacji
Procent ludzi z każdym wynikiem
Percentyl według liczby udzielonych odpowiedzi
Twoja historia wyników
Nie rozwiązałeś tego quizu od ostatniego zresetowania